Năng lực cạnh tranh của các ngân hàng thương mại trong xu thế hội nhập

Αποθηκεύτηκε σε:
Λεπτομέρειες βιβλιογραφικής εγγραφής
Κύριος συγγραφέας: Nguyễn, Thị Quy
Μορφή: Βιβλίο
Γλώσσα:Undetermined
Έκδοση: Hà Nội Lý luận chính trị 2005
Θέματα:
Ετικέτες: Προσθήκη ετικέτας
Δεν υπάρχουν, Καταχωρήστε ετικέτα πρώτοι!
Thư viện lưu trữ: Trung tâm Học liệu Trường Đại học Cần Thơ
LEADER 00616nam a2200193Ia 4500
001 CTU_104475
008 210402s9999 xx 000 0 und d
020 |c 20720 
082 |a 332.12 
082 |b Qu600 
100 |a Nguyễn, Thị Quy 
245 0 |a Năng lực cạnh tranh của các ngân hàng thương mại trong xu thế hội nhập 
245 0 |c Nguyễn Thị Quy 
260 |a Hà Nội 
260 |b Lý luận chính trị 
260 |c 2005 
650 |a Banks and banking,Ngân hàng 
904 |i Vương 
980 |a Trung tâm Học liệu Trường Đại học Cần Thơ